Catálogo

Vista normal Vista MARC

Entrada Personal Name

Número de registros utilizados en: 1

001 - CONTROL NUMBER

  • control field: 9194

003 - CONTROL NUMBER IDENTIFIER

  • control field: DLC

005 - DATE AND TIME OF LATEST TRANSACTION

  • control field: 20190405105755.0

008 - FIXED-LENGTH DATA ELEMENTS

  • fixed length control field: 070319n| azannaabn |n aaa

010 ## - LIBRARY OF CONGRESS CONTROL NUMBER

  • LC control number: n 2007019213

040 ## - CATALOGING SOURCE

  • Original cataloging agency: DLC
  • Language of cataloging: spa
  • Description conventions: rda
  • Transcribing agency: Mx-PuUPA
  • Modifying agency: DLC
  • Modifying agency: Mx-PuUPA

046 ## - SPECIAL CODED DATES

  • Birth date: 19571130

100 1# - HEADING--PERSONAL NAME

  • Personal name: Purcell, John,
  • Dates associated with a name: 1957-

375 ## - GENDER

  • Gender: hombre

377 ## - ASSOCIATED LANGUAGE

  • Language code: eng

670 ## - SOURCE DATA FOUND

  • Source citation: Purcell, John. Dialogue editing for motion pictures, c2007:
  • Information found: ECIP t.p. (John Purcell)

670 ## - SOURCE DATA FOUND

  • Source citation: Email from publr., Mar. 15, 2007
  • Information found: (John Sidney Purcell, Jr., b. Nov. 30, 1957; 1st book)

670 ## - SOURCE DATA FOUND

  • Source citation: dialogue editing for motion pictures: A guide to the invisible art, 2014:
  • Information found: portada (John Purcell)